000 01262nam a2200301 i 4500
001 bg
245 0 0 _aOdpady zagrożeniem dla środowiska /
_cpod red. Marii Suchy ; Państwowa Inspekcja Ochrony Środowiska. Wojewódzki Inspektorat Ochrony Środowiska w Rzeszowie.
250 _aWyd. 2 popr. i uzup. /
_b[oprac. zespół aut. Ewa Kozak et al.].
260 _aRzeszów :
_bPIOŚ. WIOŚ,
_c1998.
300 _a184 s. :
_bmapy kolor., rys., wykr. ;
_c24 cm.
490 1 _aBiblioteka Monitoringu Środowiska
504 _aBibliogr. przy ref.
650 9 _aOdpady
_xgospodarka
_xprawo
_zPolska
_ystan na 1998 r.
650 9 _aOdpady
_xgospodarka
_xprawo wspólnotowe europejskie
_ystan na 1998 r.
650 9 _aOdpady
_xhigiena
_zPolska
_yod 1989 r.
650 9 _aŚrodowisko człowieka
_xhigiena i ochrona
_zPolska
_yod 1989 r.
700 1 _aSUCHY, Maria.
_eRed.
700 1 _aKOZAK, Ewa.
710 0 _aPaństwowa Inspekcja Ochrony Środowiska
_bWojewódzki Inspektorat Ochrony Środowiska (Rzeszów)
830 _aBiblioteka Monitoringu Środowiska
020 _a8372170274
040 _cBPK
041 0 _apl
080 _a628.3/.5:504.05](438)"1989/...":349.6(4-67)
920 _a83-7217-027-4
942 _cKS
008 s pl f |000 0 pol
999 _c34099
_d34099
856 _uhttp://koha.tu.koszalin.pl/cgi-bin/koha/opac-detail.pl?biblionumber=34099
_yKatalog online BPK